000 00784nam a2200217 a 4500
005 20240910063659.0
008 991125s1979 bar 000 0 spa u
020 _a8432005320
035 _aUPN01000009445
049 _aCG
050 4 _aLB1105
_bP3.2 no.61
100 1 _aBassan, Valdi José
245 1 0 _aCómo interesar al niño en la escuela :
_bla noción de los centros de interés en Decroly /
_cValdi José Bassan ; tr. Josefina Guerrero.
260 _aBarcelona, Esp. :
_bPlaneta,
_c1979.
300 _a207 p.
440 0 _aPaideia.
_pBiblioteca práctica de pedagogía, psicología y psicopatología de la infancia ;
_v61
650 4 _aIntereses educativos
_911942
650 4 _aINTERESES ESTUDIANTILES
_927144
650 4 _aMotivación estudiantil
_914109
905 _aLibro
999 _c9445
_d9445